| 000 | 01168cab a2200253 4500 | ||
|---|---|---|---|
| 001 | ##L134556 | ||
| 008 | 060816n2006 000 0 eng u | ||
| 035 | _a(Sirsi) u134556 | ||
| 041 | 0 | _aeng | |
| 100 | 1 |
_aDervaird, John Murray _cLord _d1935- |
|
| 245 | 0 | 0 |
_aArbitration in Scotland _ba new era dawns |
| 260 | _c2006 | ||
| 490 | 0 |
_aScots Law Times _v20 23 June 2006, 125-130(6) |
|
| 490 | 0 |
_aScots Law Times _v21 30 June 2006, 133-136(4) |
|
| 520 | _aThe first part of this two part article traces the historical development of the law in Scotland relating to arbitration, and highlights some of the problem areas, such as severability and agreements to arbitrate, and looks at procedure and awards. The second part considers the main provisions of the Arbitration (Scotland) Bill 2002, which is awaiting enactment. | ||
| 650 | 2 | 4 | _aARBITRATION (SCOTLAND) BILL |
| 650 | 2 | 4 | _aSCOTTISH ARBITRATION CODE |
| 651 | 4 |
_aScotland _y1999- |
|
| 690 | _aMANAGEMENT-DISPUTE AVOIDANCE, MANAGEMENT AND RESOLUTION-DISPUTE MANAGEMENT AND RESOLUTION-ARBITRATION | ||
| 700 | 1 | _aCampbell, John D. | |
| 700 | 1 | _aWalker, Stephen P. | |
| 700 | 1 | _aDundas, Hew R. | |
| 942 | _n0 | ||
| 999 |
_c77559 _d77559 |
||